000 00262nam a22001097a 4500
082 _a370
100 _aDas, Kartick
_976585
245 _aChanging Dynamics Of Higher Education
260 _aDelhi
_bDiscovery Pub
_c2016
650 _aEducation
_980932
942 _cBK
999 _c64143
_d64143